Every femtanyl Song - Statistics

General Stats
  • This quiz has been taken 39 times
    5 since last reset
  • The average score is 28 of 33
Answer Stats
Album Song % Correct
REACTOR AND I'M GONE
100%
REACTOR ATTACKING VERTICAL
100%
MAN BITES DOG BODY THE PISTOL
100%
MAN BITES DOG CITY
100%
REACTOR DINNER!
100%
Single DOGMATICA
100%
CHASER GIRL HELL 1999
100%
CHASER KATAMARI
100%
Single LOTTERY
100%
REACTOR M3 N MIN3
100%
CHASER MURDER EVERY 1 U KNOW!
100%
CHASER P3T
100%
CHASER PUSH UR T3MPRR
100%
MAN BITES DOG SHOWS YOU THE WAY TO THE HIWAY
100%
MAN BITES DOG SICK OF IT
100%
Single WORLDWID3
100%
CHASER ACT RIGHT
80%
MAN BITES DOG HEAD UP
80%
REACTOR IT'S TIME
80%
Single LOVESICK, CANNIBAL!
80%
MAN BITES DOG MAN BITES DOG
80%
MAN BITES DOG MY HEAD HURTS
80%
Single S33K H3LP
80%
MAN BITES DOG VIDEO NASTY
80%
REACTOR WEIGHTLESS!
80%
MAN BITES DOG HELLTARGET
60%
Single I MIGHT B3 SICK
60%
MAN BITES DOG IS THIS IT
60%
Single MIX 01. - PICKMEUP!
60%
Single MIX 02. - BOTHERED!
60%
Single NASTYWERKKKK!
60%
Single xX_N3VR_SAID_GOODBY3_Xx
60%
Single Charli XCX - Speed Drive (Femtanyl Remix)
20%
No matching quizzes found
Score Distribution
Percent of People with Each Score
Percentile by Number Answered
Your Score History
You have not taken this quiz since the last reset